Polish car driving - miejscowości - Statystyki

Ogólne statystyki
  • Ten quiz został rozwiązany 39 razy
  • Średni wynik to 11 z 17
Statystyki odpowiedzi
Podpowiedź Miejscowość % Poprawnych
Tam zdaje sie prawo jazdy. Darłowo
92%
W tej wsi jest Bar pod Dzikiem. Bobrowice
76%
W tej wsi na dw 205 często stoi policja. Pątnowo
76%
W tej wsi znajduje sie Leonardia. Krupy
72%
Ta wieś znajduje się między Domasławicami a Sęczkowem. Słowino
72%
Jest między Bobrowicami a Sławnem. Bobrowiczki
68%
W tej miejscowości jest DarFisch. Rusko
68%
Tam znajduje sie fotoradar przy przejeździe kolejowym. Sęczkowo
68%
W tej wsi znajduje sie Zajazd skalny. Karwice
64%
W tej miejscowości jest Ulenberg. Malechówko
64%
W tej wsi można kupić przecenione auta. Smardzewo
64%
Tam można zacząć na każdej pracy. Sławno
60%
Ta miejscowość kojarzy sie z pewnym politykiem. Stary Jarosław
60%
Tam był w roku 2024 rozgrywany event hallowenowy Grzybno
56%
Ta miejscowość ma zaledwie 1 domek w grze. Darłowiec
52%
Ta miejscowość jest zaraz za lasem na DK 37. Domasławice
52%
W tej wsi był rozgrywany event świąteczny 2023. Malechowo
48%
Nie znaleziono quizów pasujących do podanych kryteriów
Rozkład punktacji
Procent ludzi z każdym wynikiem
Percentyl według liczby udzielonych odpowiedzi
Twoja historia wyników
Nie rozwiązałeś tego quizu